Sharif Tariq ki aap Biti / (Record no. 524468)
[ view plain ]
| 000 -LEADER | |
|---|---|
| fixed length control field | 00631nam a22001817a 4500 |
| 003 - CONTROL NUMBER IDENTIFIER | |
| control field | NUST |
| 038 ## - RECORD CONTENT LICENSOR | |
| Staff Name | Waseem |
| 082 ## - DEWEY DECIMAL CLASSIFICATION NUMBER | |
| Classification number | 920 |
| Author Mark | ABB |
| 100 ## - MAIN ENTRY--PERSONAL NAME | |
| Personal name | Abbas, Saiqa |
| 9 (RLIN) | 15285 |
| 245 ## - TITLE STATEMENT | |
| Title | Sharif Tariq ki aap Biti / |
| Remainder of title | (Zindgi Jabr e Musalsal ky Hwaly Sy) |
| Statement of responsibility, etc. | Saiqa Abbas |
| 260 ## - PUBLICATION, DISTRIBUTION, ETC. | |
| Place of publication, distribution, etc. | Mir pur : |
| Name of publisher, distributor, etc. | Karnal Masood Tariq, |
| Date of publication, distribution, etc. | 2011. |
| 300 ## - PHYSICAL DESCRIPTION | |
| Extent | 188 p. ; |
| 500 ## - GENERAL NOTE | |
| General note | Hard cover. |
| 880 ## - ALTERNATE GRAPHIC REPRESENTATION | |
| Linkage | 100-01\r |
| Title | صاعقہ عباس |
| 880 ## - ALTERNATE GRAPHIC REPRESENTATION | |
| Linkage | 245-02\r |
| Title | (شریف طارق کی آپ بیتی (زندگی جبرِمسلسل کے حوالے سے / |
| 880 ## - ALTERNATE GRAPHIC REPRESENTATION | |
| Linkage | 260-03\r |
| Title | میرپور : |
| b | کرنل مسعود طارق, |
| c | ۲۰۱۱. |
| 942 ## - ADDED ENTRY ELEMENTS (KOHA) | |
| Source of classification or shelving scheme | |
| Koha item type | Book |
| Withdrawn status | Lost status | Source of classification or shelving scheme | Damaged status | Not for loan | Permanent Location | Current Location | Date acquired | Total Checkouts | Full call number | Barcode | Date last seen | Price effective from | Koha item type |
|---|---|---|---|---|---|---|---|---|---|---|---|---|---|
| Central Library (CL) | Central Library (CL) | 06/21/2019 | 920 ABB | CL-E-1136 | 06/21/2019 | 06/21/2019 | Book |
